| 000 | 00707nam a2200181 a 4500 | ||
|---|---|---|---|
| 008 | 061116s2006 ||||||||||||||||| || u | ||
| 050 | _aIBRD(08)PRWP/3962 | ||
| 100 | _aVincelette, Gallina Andronova | ||
| 245 | 1 | 0 | _aUntangling the maze of European union funds to Bulgaria |
| 260 |
_aWashington, D. C. _bWorld Bank _c2006 |
||
| 300 | _a27p.;ill. | ||
| 350 | _a0.00 | ||
| 490 | _aWorld Bank policy research working papers | ||
| 650 | 0 | _aECONOMICS | |
| 650 | _aFISCAL ESTIMATES--RESEARCH--BULGARIA | ||
| 700 | _aVassileva, Iglika | ||
| 995 |
_D0.00 _FCBU-MAIN LIBRARY (Kitwe) _H1 _I0.00 _M1 _UAVAILABLE _WNov 16, 2006 _ZInternational Publications |
||
| 999 |
_c60940 _d60940 |
||